02024cam a22005054i 4500003000900000005001700009008004100026020001500067035002700082040003300109049000900142082001900151110002500170245006900195264005200264300005500316336002100371337002500392338002300417490003400440505023100474526001000705526001000715526000900725526000900734526000900743526000900752526000900761526000900770526000900779526000800788526000800796526000800804526000800812526000800820650002200828910001800850942001400868949019600882994001401078596000601092999022101098980005501319952014401374PE-LiUPU20250731165650.0150616s r 000 0 d a0521234468 a(Sirsi) i9780521234467 aPE-LiUPUbspacPE-LiUPUerda aPRUA04a909.008bC2212 aCambridge University14aThe Rise of Rome to 220 B.C.n7:2 /cCambridge University Press. 1aCambridge :bCambridge University Press,c1994. a811 páginas :bilustraciones ;c24 centímetros atext2rdacontent aunmediated2rdamedia avolume2rdacarrier0 aThe Cambridge Ancient History0 aThe sources for early Roman history.- Archaic Rome between Latium and Etruria.- The origins of Rome.- Rome in the fifth century I: the social and economic framework.- Rome in the fifth century II: the citizen community.- Etc.. aSEG44 aSEG26 aP151 aP150 aP149 aP146 aP145 aP126 aP125 aP92 aP75 aP74 aP27 aP1504aHistoria antigua. ajckbjvqcjck 2ddccBOOK aRC 909.008 C 7:2wDEWEYc1i43178lCCODEBUL1mBULr0sYtBOOKu2015-6-16xTEOLOGIAzUNKNOWN0COMPRAo.CIRCNOTE. No olvidar cambiar la fecha de devolución!!!!!!!o.STAFF. Colección General aC0bPEPRU a1 aRC 909.008 C 7:2wDEWEYc61138i43178f2021-11-8g5lCCODEBUL1mBULr1sYtBOOKu2015-6-16xTEOLOGIAzUNKNOWN0COMPRAo.CIRCNOTE. No olvidar cambiar la fecha de devolución!!!!!!!o.STAFF. Colección Generald61138 81gALBERTO SANCHEZ Responsable de Automatización r2025-12-02 00:00:00i6l0oRC 909.008 C 7:2p43178te1w2015-06-16xFACIHEDyREF102ddc50718REFfP14aBULbBULcREFd2015-06-16eCOMPRA